[Event "Mumbai Mayors Cup 1st"]
[Site "Mumbai"]
[Date "2008.05.16"]
[Round "8"]
[White "Ratnakaran, Kantoli"]
[Black "Pandit, Arun"]
[Result "1-0"]
[WhiteElo "2488"]
[BlackElo "2158"]
[PlyCount "107"]
[EventDate "2008.05.11"]
[EventType "swiss"]
[EventRounds "11"]
[EventCountry "IND"]
[SourceTitle "CBM 124 Extra"]
[Source "ChessBase"]
[SourceDate "2008.07.03"]
[SourceVersion "1"]
[SourceVersionDate "2008.07.03"]
[SourceQuality "1"]

1. e4 e6 2. d3 c5 3. Nf3 Nc6 4. g3 g6 5. Bg2 Bg7 6. 0-0 d6 7. c3 Nge7 8. a4 0-0 9. h4 e5 10. h5 Bg4 11. h6 Bh8 12. Bg5 f6 13. Qb3+ Rf7 14. Be3 Qd7 15. Nbd2 b6 16. d4 Rd8 17. dxc5 dxc5 18. Rfd1 Be6 19. Qa3 Nc8 20. b4 cxb4 21. cxb4 Qe7 22. b5 Qxa3 23. Rxa3 Na5 24. Rc1 Nd6 25. Bf1 Rfd7 26. Rd3 Kf8 27. Ne1 Ke7 28. f4 Nf7 29. Rxd7+ Rxd7 30. Nd3 f5 31. fxe5 Bxe5 32. Nxe5 Nxe5 33. Bg5+ Kf7 34. exf5 gxf5 35. Be2 Kg6 36. Bf4 Nf7 37. Nf3 Bb3 38. Rc8 Re7 39. Nh4+ Kf6 40. Bd3 Bxa4 41. Rg8 Rd7 42. Bxf5 Rd1+ 43. Kf2 Bxb5 44. Bxh7 Nc4 45. Rg6+ Ke7 46. Nf5+ Kd7 47. Rg7 Ke6 48. Bg8 Kxf5 49. Rxf7+ Kg6 50. h7 Rh1 51. Rxa7 Nb2 52. Bd5 Nd3+ 53. Kg2 Rh5 54. Bf3 1-0

[Event "Mumbai Mayors Cup 1st"]
[Site "Mumbai"]
[Date "2008.05.15"]
[Round "6"]
[White "Vishnu Sharon, R."]
[Black "Pandit, Arun"]
[Result "0-1"]
[WhiteElo "1931"]
[BlackElo "2158"]
[PlyCount "64"]
[EventDate "2008.05.11"]
[EventType "swiss"]
[EventRounds "11"]
[EventCountry "IND"]
[SourceTitle "CBM 124 Extra"]
[Source "ChessBase"]
[SourceDate "2008.07.03"]
[SourceVersion "1"]
[SourceVersionDate "2008.07.03"]
[SourceQuality "1"]

1. e4 e5 2. Nf3 Nc6 3. Bb5 a6 4. Ba4 Nf6 5. 0-0 b5 6. Bb3 Be7 7. Re1 0-0 8. h3 Bb7 9. c3 d6 10. d4 exd4 11. cxd4 Na5 12. Bc2 d5 13. e5 Ne4 14. Nc3 f5 15. exf6 Nxf6 16. Ng5 Bc8 17. Nxd5 Qxd5 18. Rxe7 Bb7 19. f3 Rae8 20. Rxe8 Rxe8 21. b4 Nc4 22. Be4 Nxe4 23. fxe4 Qd7 24. e5 Rxe5 25. Bf4 Rf5 26. Qd3 Qd5 27. Nf3 Rxf4 28. Re1 Qd8 29. Kh1 Bxf3 30. gxf3 Rxd4 31. Qe2 Qc8 32. Kh2 Rd2 0-1